Mémoires du chevalier d'Eon (Record no. 59640)

MARC details
000 -LEADER
campo de control de longitud fija 00858nam a2200205 i 4500
001 - NÚMERO DE CONTROL
campo de control 59640
003 - IDENTIFICADOR DE NÚMERO DE CONTROL
campo de control ES-MaACL
005 - FECHA Y HORA DE LA ÚLTIMA TRANSACCIÓN
campo de control 20251015063101.0
007 - CAMPO FIJO DE DESCRIPCIÓN FÍSICA--INFORMACIÓN GENERAL
campo de control de longitud fija t|
008 - DATOS DE LONGITUD FIJA--INFORMACIÓN GENERAL
campo de control de longitud fija 031030s1935 fr ||||1| fre d
100 1# - ENTRADA PRINCIPAL--NOMBRE DE PERSONA
Nombre de persona Éon, Charles de Beaumont d',
Fechas asociadas al nombre 1728-1810
9 (RLIN) 47317
245 10 - MENCIÓN DEL TÍTULO
Título Mémoires du chevalier d'Eon
Resto del título : publiés pour la première fois [1866] sur les papiers fournis par sa famille et d'après les matériaux authentiques déposés aux archives des affaires étrangères et aux archives de Tonnerre, par Frédéric Gaillardet en collaboration avec A. Gaillardet.
250 ## - MENCION DE EDICION
Mención de edición Nouvelle édition.
260 ## - PUBLICACIÓN, DISTRIBUCIÓN, ETC.
Lugar de publicación, distribución, etc. París :
Nombre del editor, distribuidor, etc. Grasset,
Fecha de publicación, distribución, etc. 1935 (
Lugar de fabricación/manufactura Mayenne :
Fabricante Imp. Floch)
300 ## - DESCRIPCIÓN FÍSICA
Extensión 445 p. ;
Dimensiones 23 cm.
700 1# - ENTRADA AGREGADA--NOMBRE PERSONAL
Nombre de persona Gaillardet, Frederic.
9 (RLIN) 53254
700 1# - ENTRADA AGREGADA--NOMBRE PERSONAL
Nombre de persona Gaillardet, H.
9 (RLIN) 53255
852 ## - LOCALIZACIÓN
Ubicación ES-MaACL
Número de control de estantería A-4310
Holdings
Estatus retirado Estado de pérdida Estado de daño No para préstamo Biblioteca de origen Biblioteca actual Ubicación en estantería Fecha de adquisición Fuente de adquisición Total de préstamos Signatura topográfica completa Código de barras Visto por última vez Precio de reemplazo Tipo de ítem Koha
        Biblioteca del Ateneo de Madrid Biblioteca del Ateneo de Madrid Sala Pecera Planta 1 17/01/2008     A-4310 1062556 23/02/2023 23/02/2023 Libro impreso